00647nam a2200229Ia 4500003000400000005001700004008004100021020000700062040000700069082001500076100002100091245003000112250000700142260004000149300002600189500000700215600003300222650002400255942001200279952010900291999001700400OSt20241007102656.0240925s9999 xx 000 0 und d aNA csd a796.44 MAR aMartineau ,G. D. 0aBat, Ball, Wicket and All aNA aLondon:bSporting Handbooksc,1950. a213p.bN.AfPhotocopy aNA aHumanities & Natural Science aArts and Recreation cBK2ddc 001040708HUMaUITUbUITUd2012-12-28eGiftl0o796.44 MARpQ9580r2024-09-25 07:15:22w2024-09-25yBK c12079d12079